000 00603nam a2200253Ia 4500
005 20260123122731.0
008 008 260114s9999 xx 000 0 eng d
020 _a9788132118022
037 _aEBOOK
040 _aCRL
040 _beng
040 _cCRL
041 _2eng
041 _aeng
084 _qCRL
100 _aSubhadra Mitra Channa
_91104926
245 0 _aLife as a Dalit
260 _bSAGE
260 _c2013
856 _uhttps://evidya.sagepub.in/library/life-as-a-dalit?bookId=2542&siteName=evidya
942 _cEBOOK
999 _c1670162
_d1670162